Días de la vida : cien microcuentos /

Bibliographic Details
Main Author: Dávila Vázquez, Jorge (Author)
Format: Electronic eBook
Language:Spanish
Published: Cuenca, [Ecuador] : Universidad del Azuay, Casa Editora, [2022]
Subjects:
Online Access:Digitalia Hispánica

MARC

LEADER 00000nam a2200000Ii 4500
001 DIGUAZUAY0168
003 NyNyDIG
006 m o d
007 cr |||||||||||
008 250103s2022 ec o 000 j spa d
035 |a (OCoLC)1491108454 
040 |a DGITA  |b eng  |e rda  |e pn  |c DGITA 
020 |a 9789942847782  |q eBook 
020 |z 9789942847775 
050 1 4 |a PQ8220.14.A9 ebook 
100 1 |a Dávila Vázquez, Jorge,  |e author. 
245 1 0 |a Días de la vida :  |b cien microcuentos /  |c Jorge Dávila Vázquez. 
264 1 |a Cuenca, [Ecuador] :  |b Universidad del Azuay, Casa Editora,  |c [2022] 
300 |a 1 online resource. 
336 |a text  |b txt  |2 rdacontent 
337 |a computer  |b c  |2 rdamedia 
338 |a online resource  |b cr  |2 rdacarrier 
347 |a text file  |2 rdaft 
347 |b PDF 
588 0 |a Online resource; title from PDF title page (Digitalia, viewed January 3, 2025) 
655 7 |a Short stories.  |2 lcgft 
791 2 |a Digitalia (Firm),  |e distributor. 
793 0 |g Digitalia eBook Collection:  |a Universidad del Azuay 
776 0 8 |i Print version:  |a Dávila Vázquez, Jorge.  |t Días de la vida.  |d Cuenca, [Ecuador] : Universidad del Azuay, Casa Editora, [2022]  |z 9789942847775 
856 4 0 |3 Digitalia Hispánica  |u https://www.digitaliapublishing.com/a/133553/ 
910 |a Premium collection: 2025